Sống đơn giản cho mình thanh thản
Nội dung sách trình bày về sống đơn giản, vứt bỏ, sắp xếp, hạnh phúc là biết đủ, không để bị chi phối, không để bị cuốn vào.
שמור ב:
| מחבר ראשי: | |
|---|---|
| מחברים אחרים: | |
| פורמט: | ספר |
| שפה: | Vietnamese |
| יצא לאור: |
H.
Công Thương
2023
|
| מהדורה: | In lần 16 |
| נושאים: | |
| תגים: |
הוספת תג
אין תגיות, היה/י הראשונ/ה לתייג את הרשומה!
|
| Thư viện lưu trữ: | Thư viện Trường Đại học Nam Cần Thơ |
|---|
| LEADER | 00976nam a22002177a 4500 | ||
|---|---|---|---|
| 001 | NCT_4_010075 | ||
| 008 | 240618b xxu||||| |||| 00| 0 vie d | ||
| 999 | |c 8447 |d 8447 | ||
| 020 | |a 9786043627244 |c 85000 | ||
| 082 | 0 | 4 | |2 23rd ed. |a 158 |b M861 |
| 100 | 1 | |a Masuno, Shunmyo | |
| 245 | 1 | 0 | |a Sống đơn giản cho mình thanh thản |c Shunmyo Masuno; Như Nữ (dịch) |
| 250 | |a In lần 16 | ||
| 260 | |a H. |b Công Thương |c 2023 | ||
| 300 | |a 197 tr. |c 21cm | ||
| 520 | 3 | |a Nội dung sách trình bày về sống đơn giản, vứt bỏ, sắp xếp, hạnh phúc là biết đủ, không để bị chi phối, không để bị cuốn vào. | |
| 653 | |a Tham khảo | ||
| 700 | 0 | |a Như Nữ |e Dịch | |
| 942 | |2 ddc |c BK | ||
| 952 | |0 0 |1 0 |2 ddc |4 0 |6 158_000000000000000_M861 |7 0 |9 29132 |a 000001 |b 000001 |d 2024-06-18 |o 158 M861 |p TK.04323 |r 2024-06-18 |v 85000.00 |w 2024-06-18 |y BK | ||
| 980 | |a Thư viện Trường Đại học Nam Cần Thơ | ||


